Principles and Strategies of Teaching/ (Record no. 356079)
[ view plain ]
| 000 -LEADER | |
|---|---|
| fixed length control field | 00384nam a2200121Ia 4500 |
| 008 - FIXED-LENGTH DATA ELEMENTS--GENERAL INFORMATION | |
| fixed length control field | 180305s9999 xx 000 0 und d |
| 020 ## - INTERNATIONAL STANDARD BOOK NUMBER | |
| International Standard Book Number | 9712327655 |
| 100 ## - MAIN ENTRY--PERSONAL NAME | |
| Personal name | Acero, VictorinaO. |
| 245 ## - TITLE STATEMENT | |
| Statement of responsibility, etc | Victorina O. Acero, Evelyn S. Javier, Herminia O. Castro |
| Title | Principles and Strategies of Teaching/ |
| 250 ## - EDITION STATEMENT | |
| Edition statement | 1st ed. |
| 260 ## - PUBLICATION, DISTRIBUTION, ETC. (IMPRINT) | |
| Place of publication, distribution, etc | Manila |
| Name of publisher, distributor, etc | Rex Book Store |
| Date of publication, distribution, etc | 2000 |
| 300 ## - PHYSICAL DESCRIPTION | |
| Extent | iv, 284 Pages |
| Withdrawn status | Lost status | Source of classification or shelving scheme | Damaged status | Home library | Current library | Shelving location | Date acquired | Source of acquisition | Total Checkouts | Full call number | Barcode | Date last seen | Price effective from | Koha item type |
|---|---|---|---|---|---|---|---|---|---|---|---|---|---|---|
| Library of Congress Classification | College Library | College Library | Filipiniana Section | 03/05/2018 | Donation | LB 1573 .Ac173 2000 | c21312 | 05/08/2018 | 03/05/2018 | Books |